| 000 | 01121nam a22003137a 4500 | ||
|---|---|---|---|
| 999 |
_c5776 _d5776 |
||
| 003 | OSt | ||
| 005 | 20251113072700.0 | ||
| 008 | 251105b ||||| |||| 00| 0 eng d | ||
| 020 | _a9780142410318 | ||
| 035 | _a(OCoLC)753468435 | ||
| 040 | _cKH8 | ||
| 082 | _a823.914 DAH | ||
| 100 | 1 |
_aDahl, Roald _eAuthor |
|
| 245 | 1 | 0 | _aCharlie and the chocolate factory |
| 260 |
_aNew York _bPenguin Books _c2011 |
||
| 300 |
_a168 pages _bb illustration _c12 cm x 20 cm |
||
| 520 | _aEach of five children lucky enough to discover an entry ticket for a tour of Mr. Willy Wonka's mysterious chocolate factory takes advantage of the situation in his or her own way. | ||
| 650 | 0 |
_aBehavior _vJuvenile fiction. |
|
| 650 | 0 |
_aEccentrics and eccentricities _vJuvenile fiction. |
|
| 650 | 0 |
_aFactories _vJuvenile fiction. |
|
| 650 | 0 |
_aChocolate _vJuvenile fiction. |
|
| 650 | 1 |
_aBehavior _vFiction. |
|
| 650 | 1 |
_aEccentrics and eccentricities _vFiction. |
|
| 650 | 1 |
_aFactories _vFiction. |
|
| 650 | 1 |
_aChocolate _vFiction. |
|
| 655 | 7 | _aJuvenile Literature | |
| 700 | 1 |
_aSchindelman, Joseph _eillustrator |
|
| 942 |
_2ddc _cFIC |
||